<A> Stochastic approach to hierarchical planning and scheduling

Na minha lista:
Detalhes bibliográficos
Autor principal: Dempster, M.A.H
Formato: Livro
Idioma:inglês
Publicado em: Laxenburg International Institute for Applied Systems Analysis 1984
Tags: Adicionar Tag
Sem tags, seja o primeiro a adicionar uma tag!

MARC

LEADER 00000nam a2200000 4500
001 c115147
005 20041019155200.5
041 0 |a eng 
044 |a AT 
245 1 0 |a <A> Stochastic approach to hierarchical planning and scheduling  |c M.A.H. Dempster 
264 1 |a Laxenburg  |b International Institute for Applied Systems Analysis  |c 1984 
300 |a S. 272-296 
500 |a Separát z: Deterministic and stochastic scheduling, NATO advanced study institute proceedings series, M.A.H. Dempster et al (Eds) 1982 
100 1 |a Dempster, M.A.H.